Tech Europe

Detalles Bibliográficos
Formato: eBook
Lenguaje:inglés
Publicado: [s.l] : Europolitics, 2011 -
Materias:
Acceso en línea:Acceso restringido

MARC

LEADER 00000nam a22000007a 4500
005 20140505165958.0
007 cr|||| ||||
008 140505c20119999us |||| s|||| 0|||a1eng d
022 |a 1021-4232 
035 |a 5431 
040 |a vLex 
090 |c 4910  |d 4910 
245 0 0 |a Tech Europe  |h [Recurso electrn̤ico]  
256 |a Servicio en ln̕ea 
260 |a [s.l] :  |b Europolitics,  |c 2011 - 
300 |a 1 recurso electrn̤ico 
310 |a Anual 
362 |a Nm︢. 1 (2011) - 
506 1 |a Contenido solo disponible en los productos indicados  |d vLex Global  |d vLex Global (Academic Edition, excluding Law Schools)  |d vLex Global (U.S. Academic Edition, excluding Law Schools) 
650 0 4 |a Telecomunicaciones 
740 0 |a vLex Revistas (Servicio en ln̕ea) 
856 4 0 |u http://vlex.com/source/5431  |z Acceso restringido 
942 |c REV 
999 0 |a Telecommunication